| 000 | 00441nam a22001697a 4500 | ||
|---|---|---|---|
| 003 | NUST - PNEC | ||
| 005 | 20170116180930.0 | ||
| 008 | 150905b xxu||||| |||| 00| 0 eng d | ||
| 020 | _a8130904055 | ||
| 040 | _cLIBRARY | ||
| 082 | _a621.31 SHA | ||
| 100 |
_98148 _aShankar, Rajiv |
||
| 245 |
_aElectrical system designing made simple _cRajiv Shankar |
||
| 260 | _cc.2007 | ||
| 650 |
_98149 _aElectrical engineering _xEE |
||
| 942 |
_2ddc _cBK |
||
| 999 |
_c65857 _d65857 |
||